Curso breve de mecánica teórica

Bibliographic Details
Main Author: Targ, S.M.
Format: Section = Libro
Language:Undetermined
Spanish
Published: Moscú Mir Moscú 1976
Subjects:
LEADER 00410nam a2200169Ia 4500
008 240830s9999 xx 000 0 und d
040 |a CEDOC FIQ-RUSB / 531 T185 
041 |a spa 
082 |a 531 T185 
100 1 |a Targ, S.M. 
245 1 0 |a Curso breve de mecánica teórica 
260 |a Moscú  |b Mir Moscú  |c 1976 
300 |a 494 p. : il. 
650 7 |a MECANICA 
942 |c BK  |2 ddc 
991 |a TEXTO 
999 |c 13578